000 00568nam a2200169 i 4500
001 43913
003 ES-MaACL
005 20230906160916.0
007 t|
008 030320s1945 sp ||||1| lat d
100 1 _aCicerón, Marco Tulio.
_938748
245 1 3 _aDe officiis liber II /
_cMarco Tulio Cicerón ; texto latino con notas y vocabulario [por Francisco Campos Rodríguez].
260 _aMadrid :
_bGredos,
_c1945 (
_fGráficas Ibarra)
300 _a96 p. ;
_c17 cm.
700 1 _aCampos Rodríguez, Francisco.
_934283
852 _aES-MaACL
_j1838-F-13
_bR.21650
999 _c43913
_d43913